| 000 | 00561nam a22001937a 4500 | ||
|---|---|---|---|
| 999 |
_c24104 _d24104 |
||
| 003 | OSt | ||
| 005 | 20210125112227.0 | ||
| 008 | 170303b xxu||||| |||| 00| 0 eng d | ||
| 020 | _a1551110954 | ||
| 040 |
_aMMU _beng _cMMU _dMMU |
||
| 050 | _aBM24 .H3226 1997 | ||
| 100 | _aHadden Richard W. | ||
| 245 |
_aSociological theory : _ban introduction to the classical tradition/ _cRichard W. Hadden |
||
| 260 |
_aCanada : _bBroadview Press, _c1997 |
||
| 300 | _a170 p.: | ||
| 500 | _aIncludes index | ||
| 650 | _aSociology - philosophy | ||
| 942 |
_2lcc _cLOAN LOAN |
||